Modulárna vzdelávacia aplikácia pre oblasť programovania realizovaná s využitím mikroslužbovej architektúry
Saved in:
| Main Author: | |
|---|---|
| Other Authors: | |
| Format: | Manuscript Book |
| Language: | Slovak |
| Published: |
2025
|
| Subjects: | |
| Online Access: | http://is.stuba.sk/zp/portal_zp.pl?podrobnosti=177551 |
| Tags: |
No Tags, Be the first to tag this record!
|
MARC
| LEADER | 00000ntm a22000003a 4500 | ||
|---|---|---|---|
| 001 | stuzp102336 | ||
| 003 | SK-STU | ||
| 005 | 20250614211203.0 | ||
| 007 | ta | ||
| 008 | 150427s2015----xo-----f-mn---000-0-slo-d | ||
| 040 | |a STU |b slo | ||
| 041 | 0 | |a slo | |
| 100 | 1 | |a Švec, Filip |u 030400 |4 aut |U FEI Fakulta elektrotechniky a informatiky |T FEI Ústav automobilovej mechatroniky |X 104603 |U E400 |Y 642 |7 104603 | |
| 242 | 0 | 1 | |a Modular educational application for programming implemented using microservice architecture |y eng |
| 245 | 1 | 0 | |a Modulárna vzdelávacia aplikácia pre oblasť programovania realizovaná s využitím mikroslužbovej architektúry |
| 260 | |c 2025 | ||
| 650 | 4 | |a code evaluation |2 eng | |
| 650 | 4 | |a programming tasks |2 eng | |
| 650 | 4 | |a microservices |2 eng | |
| 650 | 4 | |a education |2 eng | |
| 650 | 4 | |a code testing |2 eng | |
| 650 | 4 | |a code processing |2 eng | |
| 650 | 4 | |a spracovanie kódu |2 slo | |
| 650 | 4 | |a programovacie úlohy |2 slo | |
| 650 | 4 | |a mikroslužby |2 slo | |
| 650 | 4 | |a vzdelávanie |2 slo | |
| 650 | 4 | |a vyhodnotenie kódu |2 slo | |
| 650 | 4 | |a testovanie kódu |2 slo | |
| 700 | 1 | |a Pajpach, Martin |u 030400 |k Z8 |4 ths |U FEI Fakulta elektrotechniky a informatiky |T FEI Ústav automobilovej mechatroniky |X 86396 |U E400 |Y 642 |7 86396 | |
| 856 | 4 | |u http://is.stuba.sk/zp/portal_zp.pl?podrobnosti=177551 | |